01249 a2200229 4500003000500000005001700005010001700022020002200039035002300061040000900084082001500093100002900108245008000137246005900217260005900276300003200335505047000367650002700837942001200864999001900876952012400895Nust20221115171736.0 a 2003273929 a0766862682 (pbk.) a(OCoLC)ocm52975844 cNust a621.36,CAR1 aCardinale, Gary.910265210aOptoelectronics :bintroductory, theory and experiments /cGary Cardinale.14aOptoelectronics :bintroductory theory and experiments aClifton Park, N.Y. :bThomson/Delmar Learning,cc2004. axvi, 96 p. :bill ;c30 cm. aTransformers (Page-1), The Sine wave (Page-27), An Introduction To Green LEDs (Page-37), An Introduction To Photoresistors (Page-41), An Introduction To BJT Transistors (Page-45), An Introduction To Red LEDs (Page-53), An Introduction To Infrared LEDs (Page-57), An Introduction To Phototransistors (Page-61), An Introduction To Photovoltaic Cells (Page-67), An Introduction To NAND Logic (Page-73), An Introduction To The 555 Timer (Page-79), Refraction (Page-85). 0aOptoelectronics955912 2ddccBK c176982d176982 00102ddc4070aMCSbMCScGENd2016-12-12o621.36,CARpMCS32521r2016-12-08w2016-12-12yBKzAlmirah No.30, Shelf No.2